<?xml version="1.0" encoding="UTF-8"?>
<record
    xmlns:xsi="http://www.w3.org/2001/XMLSchema-instance"
    xsi:schemaLocation="http://www.loc.gov/MARC21/slim http://www.loc.gov/standards/marcxml/schema/MARC21slim.xsd"
    xmlns="http://www.loc.gov/MARC21/slim">

  <leader>00722nam a2200217   4500</leader>
  <controlfield tag="001">2347</controlfield>
  <controlfield tag="005">20181127165003.0</controlfield>
  <datafield tag="010" ind1="0" ind2="0">
    <subfield code="a"></subfield>
  </datafield>
  <datafield tag="020" ind1="0" ind2="0">
    <subfield code="a">9789993631088</subfield>
  </datafield>
  <datafield tag="090" ind1="0" ind2="0">
    <subfield code="a">242.65498 P8988c 2010</subfield>
  </datafield>
  <datafield tag="100" ind1="0" ind2="0">
    <subfield code="a">Prakke, Diederik.</subfield>
  </datafield>
  <datafield tag="245" ind1="0" ind2="0">
    <subfield code="a">Crown of the dragon : </subfield>
    <subfield code="b">Marrying Buddhism and modernization in Bhutan / </subfield>
    <subfield code="c">Diederik Prakke.</subfield>
    <subfield code="h"></subfield>
  </datafield>
  <datafield tag="250" ind1="0" ind2="0">
    <subfield code="a"></subfield>
  </datafield>
  <datafield tag="260" ind1="0" ind2="0">
    <subfield code="a">Thimphu :</subfield>
    <subfield code="b">Bhutan Observer Pvt., Ltd., </subfield>
    <subfield code="c">2010.</subfield>
  </datafield>
  <datafield tag="300" ind1="0" ind2="0">
    <subfield code="a">171 p. : col. ill. </subfield>
  </datafield>
  <datafield tag="500" ind1=" " ind2=" ">
    <subfield code="a">On cover: "Cheery reflections on the heart and height of  Vajrayana Buddhism"</subfield>
  </datafield>
  <datafield tag="500" ind1="0" ind2="0">
    <subfield code="a">On cover: "Enthronement and devotion: pointless or powerful?"</subfield>
  </datafield>
  <datafield tag="650" ind1="0" ind2="0">
    <subfield code="a"></subfield>
    <subfield code="x"></subfield>
  </datafield>
  <datafield tag="650" ind1="0" ind2="0">
    <subfield code="a">Buddhism--Bhutan.</subfield>
    <subfield code="x"></subfield>
  </datafield>
  <datafield tag="650" ind1="0" ind2="0">
    <subfield code="a">Buddhism--Social aspects--Bhutan.</subfield>
    <subfield code="x"></subfield>
  </datafield>
  <datafield tag="999" ind1=" " ind2=" ">
    <subfield code="c">1874</subfield>
    <subfield code="d">1874</subfield>
  </datafield>
  <datafield tag="952" ind1=" " ind2=" ">
    <subfield code="0">0</subfield>
    <subfield code="1">0</subfield>
    <subfield code="2">ddc</subfield>
    <subfield code="4">0</subfield>
    <subfield code="7">0</subfield>
    <subfield code="8">MAIN</subfield>
    <subfield code="a">RTCLIB</subfield>
    <subfield code="b">RTCLIB</subfield>
    <subfield code="c">MAIN</subfield>
    <subfield code="h"> </subfield>
    <subfield code="i">4831</subfield>
    <subfield code="l">0</subfield>
    <subfield code="o">242.65 PRA</subfield>
    <subfield code="p">30001856</subfield>
    <subfield code="r">2018-11-27 00:00:00</subfield>
    <subfield code="w">2018-11-27</subfield>
    <subfield code="y">MAIN</subfield>
  </datafield>
</record>
